02376nam a22003857a 4500003000800000005001700008008004100025020002200066040004200088041001300130043000900143082001600152100004500168245010500213250002200318260003900340300013500379336002900514337002800543338002800571505009600599505009800695505010800793505011500901505011001016505012901126505006301255520013701318521037201455650002801827650002801855653003501883653003001918653004201948BO-EaUP20260504170128.0260504b2022 ck ad|||ri||| 00| 0 spa d a978-958-503-237-8 aBO-EaUPcBiblioadmiempresaseRDAbspa aspahspa as-ck 221a658.788 aSilvera Escudero, Rodolfo EnriqueeAutor10aLogística estadística : gestión e indicadores en la cadena de suministro /cRodolfo Silvera E. aPrimera edición aBogotá :bEcoe Ediciones, c2022 axx, 162 páginas ;bIlustraciones, cuadros, tablas.-- (Ciencias empresariales. Logística) ;c17 x 24 centímetros ;fRústico 2rdacontenidoatextobtxt 2rdamediaano mediadobn avolumenbnc2rdacarrier2 aCapítulo 1. Informes logísticos con aplicación de cuadros y gráficas estadísticas2 aCapítulo 2. Medidas de tendencia central aplicadas al aprovisionamiento de las mercancías2 aCapítulo 3. Medidas de dispersión aplicadas al inventario y al almacenamiento de las mercancías.-2 aCapítulo 4. Indicadores logísticos estadísticos aplicados al transporte y distribución de las cargas.-2 aCapítulo 5. Operaciones logísticas en los centros de distribución con herramientas estadísticas.-2 aCapítulo 6. Almacenamiento y distribución de las cargas de los operadores logísticos con utilización estadística.-2 aCapítulo 7. Ejercicios generales propuestos del libro.-- aEste libro se caracteriza por el manejo de ejercicios prácticos aplicados a los procesos logísticos de las empresas en general.  aEsta obra va dirigida a estudiantes técnicos y tecnólogos en gestión logística, coordinadores de procesos logísticos, en desarrollo de operaciones logística y en integración de procesos logísticos, así como a estudiantes de pregrado y profesionales en Administración de Empresas, Economía, Ingeniería Industrial y Administración Logística. aLOGÍSTICA EMPRESARIAL aOPERACIONES Y PROYECTOS aADMINISTRACIÓN DE MATERIALES aCADENA DE ABASTECIMIENTOS aDISTRIBUCIÓN FISICA DE MERCANCÍAS